|
|
|
|
| LEADER |
00747nam a2200217 a 4500 |
| 001 |
000549897 |
| 003 |
CZ BrMZK |
| 005 |
20060207132230.0 |
| 008 |
000105s1982 xr f cze d |
| 015 |
|
|
|a cnb000163512
|
| 040 |
|
|
|a BOA001
|b cze
|
| 080 |
|
|
|a 885.0-322.4(081)
|2 MRF
|
| 100 |
1 |
|
|a Netolička, Jaroslav,
|d 1926-
|7 jk01083274
|4 aut
|
| 245 |
1 |
0 |
|a Lidé proti zákonu /
|c Jaroslav Netolička
|
| 250 |
|
|
|a 1. vyd.
|
| 260 |
|
|
|a Ostrava :
|b Profil,
|c 1982
|
| 300 |
|
|
|a 221 s.
|
| 856 |
4 |
1 |
|u http://www.digitalniknihovna.cz/mzk/uuid/uuid:5437a120-a100-11e2-9a9f-005056827e51
|y Digitalizovaný dokument
|x NDK
|
| 910 |
|
|
|a BOA001
|b D-0853.617
|
| 990 |
|
|
|a BK
|
| 996 |
6 |
|
|b 2619826552
|c D-0853.617
|l MZK
|r Sklad / do 24 hodin
|n 0
|w 000549897
|u 000010
|a 1
|e BOA001
|j MZK50
|s P
|